Les personnages les plus utilisés en rap battle français - Statistiques

Statistiques générales
  • Ce quiz a été pris 49 fois
  • Le résultat moyen est 9 sur 25
Statistiques - réponses
Apparitions Personnage % Correct
8 Mario
89%
5 Luigi
69%
5 Naruto
62%
6 Goku
60%
10 Luffy
58%
12 Link
51%
6 Sonic
49%
7 Pikachu
44%
6 Spider-Man
33%
5 Harry Potter
27%
5 Mickey
27%
8 Sans
27%
7 Sasha
27%
8 Bill Cipher
24%
5 Mewtwo
24%
5 Monokuma
24%
5 Saitama
24%
7 Flowey/Asriel
22%
10 Monika
22%
5 Ayano
20%
5 PacMan
20%
5 Deadpool
18%
6 Steve
18%
5 Clank
16%
5 Mr. Fantastic
16%
Aucun quiz correspondant
Distribution des résultats
% des personnes avec chaque résultat
Percentile par nombre de réponses
Votre historique - résultats
Vous n’avez pas pris ce quiz